| 000 | 00630 a2200181 4500 | ||
|---|---|---|---|
| 003 | Nust | ||
| 005 | 20170207153158.0 | ||
| 040 | _cNust | ||
| 082 | _a005.8 | ||
| 100 | _aAmin, Sajjad (Cryptology-1) | ||
| 245 |
_aDesign and analysis of an attack resistant authentication protocol _cSajjad Amin |
||
| 260 |
_bMCS _cMay,1999 |
||
| 300 | _a148 p. | ||
| 505 | _aAuthentication, authentication protocol technology (page-1), Analysis of existing protocols (page-44), Systematic design of an attack resistant authentication protocol (page-95),. | ||
| 538 | _aAlmirah No. 70 shelf No 3 | ||
| 650 | _aMSIS Thesis | ||
| 651 | _a(Cryptology-1) | ||
| 942 | _cTHS | ||
| 999 |
_c180848 _d180848 |
||